000 00421nam a2200169Ia 4500
008 230524s9999 xx 000 0 und d
020 _a9788189928605
082 _a5.165
_bRAM
100 _aB.Ram
245 0 _aFundamentals of Microprocessor & Microcomputer
250 _a1ST
260 _aNEW DELHI
_bDhanpat Rai
_c2000
300 _aXVI;490
500 _aQuantity Number: 119
650 _aComp-Sc
942 _cBK
999 _c13753
_d13753